Normal view
MARC view
Entry Personal Name
001 - CONTROL NUMBER
- control field: 11940
003 - CONTROL NUMBER IDENTIFIER
- control field: BD-RjUL
005 - DATE AND TIME OF LATEST TRANSACTION
- control field: 20240227131606.0
008 - FIXED-LENGTH DATA ELEMENTS
- fixed length control field: 240227|| aca||aabn | a|a d
040 ## - CATALOGING SOURCE
- Original cataloging agency: BD-RjUL
- Transcribing agency: BD-RjUL
100 ## - HEADING--PERSONAL NAME
- Personal name: مهدي اصفها, محمد ;; Mahdi Asfaha, Muhammad
670 ## - SOURCE DATA FOUND
- Source citation: Work cat.: (BD-RjUL)83168: مهدي اصفها, محمد ;; Mahdi Asfaha, Muhammad, كتاب مسطاب وصاف بمئيے الحضرة دربندرمعموريے ;; Kitab Mustaab Wasaf Bamiye Al-Hazrat Darbandar Mamoriye /